<The> Immunity of family business in the conditions of economic crisis
Gespeichert in:
| 1. Verfasser: | |
|---|---|
| Weitere Verfasser: | |
| Format: | Buchkapitel |
| Sprache: | Englisch |
| Tags: |
Keine Tags, Fügen Sie das erste Tag hinzu!
|
MARC
| LEADER | 00000naa$a2200000$$$4500 | ||
|---|---|---|---|
| 001 | 0235998 | ||
| 005 | 20240502083629.1 | ||
| 041 | 0 | |a eng | |
| 044 | |a CA | ||
| 245 | 1 | 0 | |a <The> Immunity of family business in the conditions of economic crisis |c Reviewers: Dimitar Kanev, Ivan Brezina |
| 100 | 1 | |a Havierniková, Katarína | |
| 700 | 1 | |a Srovnalíková, Paulína | |